000 00546cam a2200181 4500500
005 20260405001345.0
041 _afre
042 _adc
100 1 0 _aDuru, Martin
_eauthor
245 0 0 _aBonheur, ataraxie, béatitude, joie: les concepts
260 _c2012.
500 _a33
690 _aAtaraxie
690 _aBonheur
690 _aJoie
786 0 _nPhilosophie magazine | 63 | 10 | 2012-10-01 | p. 50-50 | 1951-1787
856 4 1 _uhttps://shs.cairn.info/magazine-philosophie-magazine-2012-10-page-50?lang=fr&redirect-ssocas=7080
999 _c2046764
_d2046764